000 00560nam a22001937a 4500
005 20260223090756.0
008 260223b |||||||| |||| 00| 0 eng d
020 _a 0763723843
050 _a QH447
_b.M33 2004
100 _aMcConkey, Edwin H.
245 _aHow the human genome works /
260 _aSudbury, Mass. :
_b Jones and Bartlett Publishers,
_c2004.
300 _a118 p. :
_bill. ;
_c 28 cm.
500 _a Includes index.
650 _aHuman genome.
650 _aGenetic Diseases, Inborn.
650 _aMedical genetics.
942 _2lcc
_cBK
999 _c60191
_d60191